书目信息 |
| 题名: |
小住宅设计选
|
|
| 作者: | 黄小石 主编 | |
| 分册: | ||
| 出版信息: | 北京 中国建筑工业出版社 1996.05 |
|
| 页数: | 148页 | |
| 开本: | 10开 | |
| 丛书名: | ||
| 单 册: | ||
| 中图分类: | TU241 | |
| 科图分类: | ||
| 主题词: | 民用建筑--建筑设计 | |
| 电子资源: | ||
| ISBN: | 7-112-02747-0 | |
| 000 | 00562nam0 2200193 45 | |
| 001 | 0103011034 | |
| 005 | 20010228160854.8 | |
| 010 | @a7-112-02747-0@d108.00元 | |
| 100 | @a20010301d1996 km y0chiy0120 ea | |
| 101 | 0 | @achi |
| 105 | @a z 000yy | |
| 200 | 1 | @a小住宅设计选@AXiao Zhu Zhai She Ji Xuan@f黄小石主编@FHuang Xiao Shi Zhu Bian |
| 210 | @a北京@c中国建筑工业出版社@d1996.05 | |
| 215 | @a148页@d10开 | |
| 606 | 0 | @a民用建筑@x建筑设计 |
| 690 | @aTU241@v3 | |
| 701 | 0 | @a黄小石@4主编 |
| 801 | @aCN@bPftUser@c20010301 | |
| 905 | @b324940-942@dTU241@eH798@f3 | |
| 小住宅设计选/黄小石主编.-北京:中国建筑工业出版社,1996.05 |
| 148页;10开 |
| ISBN 7-112-02747-0:108.00元 |
| ● |
| 相关链接 |
|
|
|
正题名:小住宅设计选
索取号:TU241/H798
 
预约/预借
| 序号 | 登录号 | 条形码 | 馆藏地/架位号 | 状态 | 备注 |
| 1 | 324940 | 203249403 | 建筑库101/101建筑库 58排3列2层/ [索取号:TU241/H798] | 在馆 | |
| 2 | 324941 | 203249412 | 自科二线404/404自科库 27排2列3层/ [索取号:TU241/H798] | 在馆 | |
| 3 | 324942 | 203249421 | 建筑库101/ [索取号:TU241/H798] | 在馆 |